Pri investíciách do IT treba viackrát merať
Tvorba strategických rozhodnutí, ktoré ovplyvňujú správanie a ďalší vývoj podniku, je náročná manažérska disciplína. V plnej miere to platí aj o nákupoch nových informačných technológií. Náklady, prínosy - analýza. Zdroje návratnosti investícií do IT. Zdroje návratnosti z potenciálu trhu, z internýc...
Salvato in:
| Autore principale: | |
|---|---|
| Altri autori: | |
| Natura: | Capitolo di libro |
| Lingua: | slovacco |
| Soggetti: | |
| Tags: |
Nessun Tag, puoi essere il primo ad aggiungerne!!
|
MARC
| LEADER | 00000naa$a2200000$$$4500 | ||
|---|---|---|---|
| 001 | 0025117 | ||
| 005 | 20240502071421.1 | ||
| 041 | 0 | |a slo | |
| 044 | |a SK | ||
| 245 | 1 | 0 | |a Pri investíciách do IT treba viackrát merať |c Michaela Toropilová, Aneta Hintošová |
| 520 | |a Tvorba strategických rozhodnutí, ktoré ovplyvňujú správanie a ďalší vývoj podniku, je náročná manažérska disciplína. V plnej miere to platí aj o nákupoch nových informačných technológií. Náklady, prínosy - analýza. Zdroje návratnosti investícií do IT. Zdroje návratnosti z potenciálu trhu, z interných úspor. | ||
| 610 | 2 | 0 | |a technológie informačné |
| 610 | 2 | 0 | |a investície |
| 610 | 2 | 0 | |a návratnosť investícií |
| 610 | 2 | 0 | |a efektívnosť investícií |
| 610 | 2 | 0 | |a firmy |
| 610 | 2 | 0 | |a rozhodovanie strategické |
| 100 | 1 | |a Toropilová, Michaela, 1979- | |
| 700 | 1 | |a Hintošová, Aneta, 1979- | |